[Event "ESP-ch"]
[Site "Linares"]
[Date "1998.08.18"]
[Round "7"]
[White "Illescas Cordoba, Miguel"]
[Black "Candela Perez, Jose"]
[Result "1-0"]
[WhiteElo "2605"]
[BlackElo "2380"]
[Annotator "Illescas Cordoba,M"]
[PlyCount "119"]
[EventDate "1998.08.??"]
[EventType "swiss"]
[EventRounds "9"]
[EventCountry "ESP"]
[SourceTitle "EXT 1999"]
[Source "ChessBase"]
[SourceDate "1998.11.16"]
[SourceVersion "1"]
[SourceVersionDate "1998.11.16"]
[SourceQuality "1"]

{[%mdl 4130]} 1. d4 f5 2. Bg5 Nf6 $6 3. Bxf6 exf6 4. e3 d5 5. Nd2 $5 $146 (5.
c4) 5... c6 6. Qf3 Be6 7. Bd3 {[%csl Yf5]} g6 8. Ne2 Bd6 9. h3 {[%cal Yg2g4]}
Na6 $5 {[%cal Ya6b4]} (9... Nd7 10. g4 $36) 10. c3 (10. Bxa6 bxa6 11. Nf4 $14 {
[%csl Ra6,Ra7,Rc6,Gd6,Ge6]}) 10... Nc7 {[%cal Yc7e8,Ye8d6,Yd6e4]} 11. g4 {
[%csl Gd3,Gh1][%cal Yd3h7,Yh1h7]} Qd7 (11... fxg4 12. hxg4 Bf7 13. O-O-O $14 {
[%csl Gd6,Rf6,Gf7,Rh7]}) 12. gxf5 (12. Rg1 $5 fxg4 13. hxg4 O-O-O 14. O-O-O
Rdf8 15. Nf4 $14) 12... Bxf5 13. Bxf5 Qxf5 14. Qxf5 gxf5 {[%cal Yf5f4][%mdl 16]
} 15. f4 $14 {[%csl Rf5]} Kf7 16. Ng3 Ke6 17. Nf3 Ne8 18. Nh4 Ng7 19. Rg1 {
[%cal Gg1g7]} (19. Kf2 $5 {[%cal Yh1c1,Yc3c4] /\Rhc1,c4}) 19... Rhe8 20. Kd2
Bf8 {[%csl Ge6,Rg3,Gg7]} 21. Kd3 Red8 {[%csl Yd3,Yd8]} 22. a4 (22. Ne2 Ne8 23.
Nc1 Nd6 {[%csl Gd6]}) (22. c4 c5 $5 {[%csl Rd3]}) (22. Rg2 a5 23. Rag1 a4 $14)
22... a5 $1 23. b4 $6 (23. Rg2 $14 Ra6 24. Rag1 Rb6 25. Kc2 {[%cal Yg3e2,Ye2c1,
Yc1d3,Yd3c5] /\Ng3-e2-c1-d3}) 23... axb4 24. cxb4 Ra7 $1 {[%csl Ra1,Ya4]} (
24... Ra6 25. b5 $1) 25. Kc3 (25. b5 $5 cxb5 26. axb5 Rda8 27. Rxa7 Rxa7 28.
Rc1 $14) 25... Rda8 26. Kb3 (26. a5 b6) 26... Ra6 $1 {[%csl Rb4][%cal Ya6b6]}
27. Rgc1 $5 (27. Rgb1 Rb6 28. Kc3 Rba6 29. Kb3 $11) (27. a5 b6 28. Rgc1 Kd7 $5
29. Nhxf5 Nxf5 30. Nxf5 bxa5 31. bxa5 Rxa5 32. Rxa5 Rxa5 $11 {[%csl Rf5,Gf8]})
27... Rb6 28. Rc5 $5 {[%mdl 512]} Bxc5 (28... Rxb4+ 29. Kxb4 b6 30. Rac1 Rb8
31. Ka3 bxc5 32. dxc5 $16 {[%csl Ga4][%cal Yh4f3,Yf3d4]}) 29. dxc5 {[%cal
Yh4f3,Yf3d4,Yg3e2,Ye2d4]} Rba6 30. Ne2 Rg8 $1 {[%csl Gg8][%cal Gg8g3] <->g} (
30... Kd7 31. Rg1 $1 Ne6 32. a5 $16 {[%csl Ra6,Ra8,Ge2,Gg1,Gh4]}) (30... d4 $2
31. exd4 $5 Kd5 $140 32. Nc3+ Kxd4 33. Rg1 $18 {[%csl Rd4,Rg7]}) 31. Nd4+ Kd7 {
[%csl Yb7,Yc6]} 32. Kc3 $1 {[%csl Re3] ><e3} Raa8 33. Kd3 Nh5 (33... Ne6 34.
Ndxf5 $44) (33... Ra7 34. a5 $44) 34. Nhxf5 Ng3 (34... Ng7 $5) 35. Nd6 b6 36.
a5 bxa5 (36... Ra6 $6 37. cxb6 $5 (37. Nb7 $13) 37... Kxd6 38. Rg1 $44) 37.
bxa5 Ra6 (37... Ra7 38. Rb1 $44 {[%csl Gb1,Gd4]}) (37... Ne4 $6 38. Nxe4 dxe4+
39. Kxe4 Rg3 40. Rb1 $1 Rxa5 41. Rb7+ Ke8 42. Rxh7 Rxc5 43. Nf5 $14 {[%csl Ge4,
Re8,Gf5,Gh7]}) 38. Rb1 {[%cal Rb1b7]} Ra7 39. Rb6 {[%csl Rc6]} Rc7 40. a6 Ra8
$2 (40... Nh1 $5 {[%cal Yg8g1,Yg1a1]} 41. Rb2 $1 Rg1 42. Ra2 Ra7 43. Rb2 Rg8 (
43... Ra1 $2 44. Rb7+ Rxb7 45. axb7 Rb1 46. N6b5 $18) 44. Rb6 Rc7 45. Rb2 $11)
41. f5 {[%csl Gf5][%cal Yd4e6,Gf5e6,Ge6e8,Gf5f8]} h6 $6 (41... Rg8 $142 $132)
42. Nc2 $2 {[%csl Rc2]} (42. e4 $2 dxe4+ 43. Nxe4 Nxe4 44. Kxe4 Re8+ 45. Ne6
Ra7 $17) (42. h4 $142 $44) (42. Ne6 Rca7) 42... Nh5 $6 (42... Rg8 43. Nd4 Nh1
$1 $132) 43. Nd4 (43. Nb4 Ng3 {[%csl Gg3]}) 43... Ng7 $2 (43... Ng3 44. h4 $44)
(43... Rg8 $142 44. Nf7 Rg1 $132 {[%csl Gg1]}) 44. e4 $1 $16 dxe4+ 45. Kxe4 $1
{[%csl Rg7]} (45. Nxe4 Ne8 $16) 45... Ne8 46. Nc4 $1 {[%csl Rc6][%cal Rc4a5] /
\Na5} Ng7 {[%cal Ya8e8,Ye8e1]} 47. Kf3 $22 (47. Kf4 Nh5+) (47. Na5 Re8+ {
[%csl Yc5,Yf5][%cal Ye8e5]}) 47... Re8 (47... Raa7 48. Kg4 Ra8 49. Na5 $18) 48.
Rb1 {[%cal Rc4b6] /\Nb6} (48. Rb7 $1 Rxb7 49. axb7 {[%csl Gb7]} Kc7 50. Na5 $1
Rb8 51. Kg4 Rxb7 52. Nxb7 Kxb7 53. Ne6 h5+ 54. Kf4 Ne8 55. Kg3 $18) 48... Ra7
49. Rg1 $6 (49. Rb7+ $1 $18) 49... Re7 50. Ra1 (50. Nb6+ $2 Kc7 51. Rxg7 Rxg7
52. Ne6+ Kb8) 50... Kc7 51. h4 $1 (51. Kf4 Nh5+) 51... h5 $2 {waste of time} (
51... Rd7 52. Nd6 Rxd6 53. cxd6+ Kxd6 54. Kf4 $1 {[%cal Ra1d1]} (54. Rd1 $2 Kc7
$1 55. Ne6+ Nxe6 56. fxe6 Rxa6 57. Rd7+ Kc8 58. Rf7 Kd8 59. Kf4 Ra5 $11) 54...
Ne8 $1 (54... Kd5 55. Rd1 Kc4 56. Ne6 $18) 55. Kg4 $1 {[%cal Rg4h5]} (55. Ne6
Nc7 56. Nxc7 Kxc7 57. Kg4 Kb6 58. Kh5 Rxa6 59. Rb1+ Kc5 60. Kxh6 Ra4 $1 $11)
55... Nc7 56. Kh5 c5 57. Nf3 Ke7 (57... Rxa6 58. Rxa6+ Nxa6 59. Kxh6 c4 60. Kg7
c3 61. Ne1 $18) 58. Kxh6 Kf7 $16) 52. Kf4 $1 Rd7 53. Nd6 Rxd6 (53... Re7 54.
Ne4 Ne8 55. Ne6+ $18) 54. cxd6+ Kxd6 55. Rd1 $1 $18 {[%csl Ra7,Gd4,Rd6,Rg7]}
Kc7 (55... Kc5 56. Ne6+ Kb5 57. Rb1+ Kc4 58. Rb7 Nxe6+ 59. fxe6 Rxa6 60. e7 Ra8
61. Rd7 Re8 62. Kf5 $18) (55... Rxa6 56. Ne6+ Ke7 57. Nxg7 Ra4+ 58. Kf3 Rxh4
59. Re1+ Kf7 60. Ne6 $18) 56. Ne6+ Kb6 (56... Nxe6+ 57. fxe6 Rxa6 58. e7 Ra8
59. Kf5) 57. Rb1+ Ka5 (57... Kxa6 58. Ra1+ Kb6 59. Rxa7) 58. Rb7 Nxe6+ 59. fxe6
Rxa6 60. Rb1 1-0

[Event "Las Palmas"]
[Site "Las Palmas"]
[Date "1993.??.??"]
[Round "5"]
[White "Khalifman, Alexander"]
[Black "Topalov, Veselin"]
[Result "1-0"]
[WhiteElo "2630"]
[BlackElo "2635"]
[Annotator "Khalifman,A"]
[PlyCount "45"]
[EventDate "1993.06.??"]
[EventType "tourn"]
[EventRounds "9"]
[EventCountry "ESP"]
[EventCategory "16"]
[SourceTitle "CBM 036"]
[Source "ChessBase"]
[SourceDate "1993.10.01"]
[SourceVersion "1"]
[SourceVersionDate "1993.10.01"]
[SourceQuality "1"]

1. d4 f5 2. Nc3 d5 3. Bf4 Nf6 4. e3 c6 5. Nf3 g6 $6 (5... e6) 6. Bd3 Bg7 7. O-O
O-O 8. Ne2 $14 Ne4 9. c4 Kh8 $6 (9... e6) 10. Be5 e6 11. b4 Nd6 12. Bxg7+ (12.
Qb3 Bxe5 13. Nxe5 Nd7 $14) 12... Kxg7 13. Qb3 Nd7 14. a4 Qf6 15. cxd5 $1 (15.
b5 dxc4 16. Bxc4 e5 $14) 15... exd5 16. b5 Ne4 (16... Nb6 17. bxc6 bxc6 18. Ne5
$16) 17. Rac1 Qd6 (17... g5 18. Rfd1 (18. Qb2 $6 c5 $1) 18... g4 19. Ne5 $1
Nxe5 20. dxe5 Qxe5 21. bxc6 bxc6 22. Rxc6 $16) 18. Qc2 Rf6 (18... c5 19. Bxe4
fxe4 20. dxc5 Nxc5 21. Qxc5 Qxc5 22. Rxc5 exf3 23. gxf3 $16) 19. Rfd1 $16 a6
20. Nf4 h6 21. Qb2 $1 Kh7 22. Ne5 Nec5 $4 (22... Rb8 23. bxc6 bxc6 24. Qa1 $16)
23. Rxc5 $1 (23. Rxc5 Nxc5 24. dxc5 Qxc5 25. Nd7 $18) 1-0

[Event "URS-ch51 First League"]
[Site "Tallinn"]
[Date "1983.12.??"]
[Round "?"]
[White "Gavrikov, Viktor"]
[Black "Psakhis, Lev"]
[Result "0-1"]
[WhiteElo "2470"]
[BlackElo "2580"]
[Annotator "Kharitonov,A"]
[PlyCount "64"]
[EventDate "1983.12.??"]
[EventType "tourn"]
[EventRounds "17"]
[EventCountry "URS"]
[EventCategory "9"]
[SourceTitle "MCL"]
[Source "ChessBase"]
[SourceDate "1999.07.01"]
[SourceVersion "1"]
[SourceVersionDate "1999.07.01"]
[SourceQuality "1"]

1. d4 f5 2. Qd3 d5 (2... e6 3. e4 fxe4 4. Qxe4 Nf6 5. Qh4 $14) (2... g6 3. e4
fxe4 4. Qxe4 Nf6 5. Qh4 $14 {Alekhine/}) 3. g3 (3. Bf4 e6 4. Nf3 Nf6 5. e3 Bd6
6. Be2 O-O 7. Ne5 c5 $1 8. c3 Nc6 9. Nd2 Qc7 10. Ndf3 Nd7 11. Nxd7 Bxd7 12.
Bxd6 Qxd6 13. O-O c4 $15 {Kmoch,G-Alekhine,A/Zemmering/1926/0:1 (34)}) 3... Nf6
4. Bg2 e6 5. c4 Bd6 6. Nf3 (6. Nh3 $5 O-O 7. O-O c6 8. Bf4 b6 $13) 6... O-O 7.
O-O c6 8. b3 Bd7 (8... Qe7 $5 9. a4 (9. Bf4 Bxf4 10. gxf4 Bd7) 9... a5 10. Ba3
Bxa3 11. Nxa3 b6) 9. Ba3 Be8 10. Bxd6 Qxd6 11. e3 $6 (11. Ne5 $5 Nbd7 12. f4
Ne4 13. Nxd7 Qxd7 14. Nc3 $14) 11... Nbd7 12. Nc3 Bh5 13. Nd2 (13. Rab1 Ne4 $13
) 13... Ne4 14. f4 (14. f3 Nxd2 15. Qxd2 dxc4 16. bxc4 e5 $10) 14... Rac8 15.
c5 $6 (15. Ndxe4 $6 dxe4 16. Qc2 c5 $1 $15) (15. Nf3 $142 Bxf3 16. Bxf3 Ndf6
$10) 15... Qe7 16. b4 (16. Ndxe4 dxe4 17. Qd2 g5 $15) (16. Ncxe4 fxe4 $1 17.
Qc2 g5 $15) 16... g5 $1 17. a4 gxf4 18. exf4 (18. Rxf4 e5 19. Rff1 Rce8 $17) (
18. gxf4 Kh8 $40) 18... Ndf6 19. Rac1 b6 $5 (19... Kh8 $5) 20. Nb3 (20. cxb6
axb6 21. Rb1 c5 22. bxc5 bxc5 $17) 20... Rb8 21. Na2 Be8 22. Rc2 h5 (22... Kh8
$1 {/\Rg8,h5|^/}) 23. h4 $1 Kh8 24. Rf3 Rg8 25. Kh2 Bd7 (25... Ng4+ 26. Kg1 {
/\Bh3,Rg2/}) 26. Bh3 Rg6 27. Kh1 $4 (27. Nbc1 Rbg8 28. Ne2 $15) (27. Rg2 Rbg8
28. Nbc1) 27... Rbg8 28. Rg2 Rxg3 $1 $19 29. Rgxg3 Rxg3 30. Rxg3 Nf2+ 31. Kg2
Nxd3 32. Rxd3 Ne4 0-1

[Event "EU-ch 12th"]
[Site "Aix les Bains"]
[Date "2011.03.30"]
[Round "8"]
[White "Stern, Rene"]
[Black "Bartel, Mateusz"]
[Result "0-1"]
[WhiteElo "2497"]
[BlackElo "2638"]
[Annotator "Marchand,A/Primel,D"]
[PlyCount "104"]
[EventDate "2011.03.22"]
[EventType "swiss"]
[EventRounds "11"]
[EventCountry "FRA"]
[SourceTitle "CBM 142 Extra"]
[Source "ChessBase"]
[SourceDate "2011.06.27"]
[SourceVersion "1"]
[SourceVersionDate "2011.06.27"]
[SourceQuality "1"]
[TimeControl "40/5400+30:1800+30"]

1. d4 f5 2. Nc3 {[%cal Ge2e4]} (2. Bg5 h6 3. Bf4 Nf6 4. Nc3 d6 (4... d5 5. h4
e6 6. Nf3 Bd6 7. Ne5 O-O 8. e3 a6 9. Qf3 c5 $13)) 2... d5 {[%csl Ge4] Le coup
le plus naturel face à la menace des Blancs de jouer "e4"} (2... g6 3. e4 fxe4
4. Nxe4 Bg7 5. Bg5 (5. h4 $5)) 3. Bf4 {[%csl Ge5]} (3. e4 $5 dxe4 4. Bf4 (4.
Bc4) (4. f3) 4... Nf6 5. Bc4 $13 (5. f3) 5... e6 6. f3 Bd6) 3... a6 (3... Nf6
4. e3 e6 (4... c6) 5. Nf3 (5. Nb5 $5 Na6 (5... Bd6 6. c4 $1 {Suetin}) 6. c4 c6
(6... Bb4+ 7. Nc3 O-O 8. Nf3 Ne4 9. Qb3 $14) 7. Nc3 Nb8 8. Nf3 (8. Qc2 Be7 9.
Nf3 Ne4 10. Bd3) 8... Be7 {Retombe sur des grandes lignes par interverson de
coups}) 5... c6 (5... a6) 6. Bd3 Be7 7. h3 O-O 8. O-O Ne4 9. Ne2 $1 {Si un
expert de la défense hollandaise comme Malaniuk joue ce système avec les
Blancs, il faut s'y intéresser} Nd7 10. c4 $14 {Malaniuk,V (2543)-Pechenkin,V 
(2345) Canadian op Toronto 2010 (7) 1-0}) (3... e6 4. e3) 4. e3 Nf6 5. Bd3 e6
6. Nce2 (6. Nf3 {La grande ligne} c5 7. dxc5 Bxc5 8. O-O $14 O-O 9. Ne2 Nc6 10.
c4) 6... c5 7. c3 (7. dxc5 Bxc5 8. Nf3 Nc6 9. O-O Qe7 10. Ned4 O-O 11. c4 Bd7
12. Rc1 Bxd4 13. exd4 Nb4 14. Be2 Nxa2 15. Ra1 Nb4 16. c5 Ne4 17. Ne5 Bb5 18.
f3 Bxe2 19. Qxe2 Nf6 20. Nd3 Nxd3 21. Bd6 Nf4 {Malakhatko,V (2548)-Rotstein,A 
(2529)/Latschach 2011/CBM 143 Extra/1-0 (50)}) 7... c4 $146 (7... Nc6 8. Nf3
Be7 {Klaric,Z (2395)-Spraggett,K (2495) FRA-chT France 1991 0-1}) 8. Bc2 Nc6 9.
h3 h6 10. Nf3 g5 $5 11. Bh2 Bd6 12. Bxd6 Qxd6 13. h4 (13. O-O Bd7 {[%cal Ge8c8,
Gg5g4]}) 13... Rg8 $1 14. b4 Bd7 15. a4 Ke7 $132 16. Ng3 Raf8 17. hxg5 hxg5 18.
b5 axb5 19. axb5 Nd8 20. Ra7 Ng4 21. Rh7+ Rf7 22. Rxf7+ Kxf7 23. Ke2 Qb8 24.
Ra1 (24. b6 Nc6 25. Ra1) 24... Ke7 25. b6 (25. Qb1 {[%cal Gb1b5,Gb1b4,Gb4e7]}
Nf7 26. Qb4+) 25... Nf7 (25... Nxe3 {[%cal Gb8g3]}) 26. Ra7 Nxe3 $1 27. Kxe3
f4+ 28. Ke2 fxg3 29. Qc1 gxf2 30. Kxf2 Bc8 (30... Bc6 $15) 31. Qe3 Qd6 32. Ra1
Qxb6 33. Rh1 (33. Rb1) 33... Qb2 $40 34. Qd2 g4 35. Ne5 Nxe5 36. Rh7+ Kd8 37.
dxe5 g3+ 38. Ke2 b5 39. Kd1 Qa1+ 40. Ke2 Qg1 41. Qf4 Qxg2+ 42. Ke1 Qf2+ 43.
Qxf2 gxf2+ 44. Kxf2 Rg5 45. Ke3 Rxe5+ 46. Kd4 Re2 47. Bg6 Rg2 48. Bh5 Rg5 49.
Kc5 d4+ 50. Kxd4 Rd5+ 51. Ke4 b4 52. cxb4 c3 0-1

[Event "Candidates Tournament"]
[Site "Khanty-Mansiysk"]
[Date "2014.03.25"]
[Round "10"]
[White "Kramnik, Vladimir"]
[Black "Svidler, Peter"]
[Result "0-1"]
[WhiteElo "2787"]
[BlackElo "2758"]
[Annotator "Marin,M"]
[PlyCount "78"]
[EventDate "2014.03.13"]
[EventType "tourn"]
[EventRounds "14"]
[EventCountry "RUS"]
[EventCategory "21"]
[SourceTitle "CBM 160"]
[Source "ChessBase"]
[SourceDate "2014.05.15"]
[SourceVersion "1"]
[SourceVersionDate "2014.05.15"]
[SourceQuality "1"]
[TimeControl "40/7200:20/3600:900+30"]
[WhiteClock "0:59:26"]
[BlackClock "0:56:56"]

1. d4 {[%emt 0:00:07]} f5 {[%emt 0:00:07]} 2. Nf3 {[%emt 0:00:22]} ({Kramnik's
treatment of the fight for the centre strongly reminds me of the following
variation:} 2. g3 Nf6 3. Bg2 g6 4. Nh3 d6 5. Nc3 Bg7 6. Nf4 c6 7. d5 {White
sustains his d5-pawn with pieces, not wasting time for the strategically
constructive c2-c4. This is how Korchnoi played on three occasions, winning
each time! The best known game was Kortschnoj,V (2625)-Gurevich,M (2645)
Rotterdam 1990 CBM 018 [Schussler] (1-0, 45)}) 2... Nf6 {[%emt 0:00:11]} 3. e3
$5 {[%emt 0:00:38] For decades, White has almost invariably met the Dutch
Defence with g2-g3, but Black seems to be doing fine in the main lines of the
Leningrad system lately. Little wonder that at the top level White is trying
stepping aside, relying on his theoretical advantage of the first move in a
non-symmetrical position, rather than on long forced variations.} ({The Wijk
aan Zee winner had a similar approach in the last round of the tournament:} 3.
Bf4 $5 {Aronian,L (2812)-Van Wely,L (2672) Wijk aan Zee 2014 CBM 159 [Stohl,I]
(0-1, 38)}) 3... b6 {[%emt 0:11:02] We can only guess which system Sivdler
planned to choose against g2-g3, but in the absence of White's pressure along
the long diagonal, a logical answer. This position reminds me of a small
incident from my childhood. I was away from home for a few weeks when my
father called to tell me he had bought a book on the Dutch Defence. I had no
idea at all of the possible plans and ideas, but being caught by sudden
enthusiasm I started "analysing" on my own the position after 1.d4 f5. I
remember quite clearly that the current position became my main "tabyia" soon.
Later, I was disappointed to learn that g2-g3 outrules my setup and switcehd
to the 7...c6 Leningrad variation, which is the most critical nowadays, by the
way. Anyway, the thing I wanted to highlight is that there must be some
logical background to both sides' play, which made my then uninstructed mind
take this direction.} ({Actually, a more restrictive way of transposing to the
...b7-b6 setup is} 3... e6 4. Bd3 b6 5. O-O Bb7 6. c4 Bd6 $5 {Truly
hypermodern, reminiscent of the game Lasker-Bauer with reversed colours. Of
course, nobody would allow the double bishop sacrifice nowadays, but the
bishops' pressure may be disturbing anyway.} {In Alekhine's times,} 7. Nc3 {
was the fashion.} ({The modern tendency (if we can call it as such in a rather
unpopular line) is} 7. Nbd2 O-O 8. Re1 (8. Qc2 Nc6 9. a3 a5 10. h3 a4 {
Hertneck,G (2560)-Jussupow,A (2640) Baden-Baden 1992 CBM 033 [Jussupow] (0-1,
24)}) 8... Ne4 9. Qc2 Nxd2 10. Nxd2 Qh4 11. g3 Qh5 12. Be2 Qg6 13. f4 c5 14.
Nf3 Nc6 $13 {Aleksandrov,A (2614)-Peralta,F (2546) Warsaw 2007 (1-0, 34)}) 7...
O-O 8. a3 ({Blocking the long diagonal with} 8. d5 {does not seem effective at
this stage of the game.} Na6 9. e4 fxe4 10. Nxe4 Nc5 11. Nxc5 Bxc5 12. dxe6
dxe6 13. Qe2 e5 $36 {Candeias,T (2078)-Wohl,A (2419) Pontevedra 2002 (0-1, 30)}
) (8. Qe2 Bb4 9. Bd2 Ne4 10. a3 Bd6 $6 11. b4 Rf6 12. Ne5 $6 Bxe5 13. dxe5 Rg6
14. f3 $2 Nxd2 15. Qxd2 Nc6 $17 {Ekenberg,B-Alekhine,A Oerebro 1935 (0-1, 23)})
8... a6 $6 (8... a5 9. Nb5 Be7 10. b3 Na6 11. Bb2 Qe8 $132) 9. b4 Qe8 10. c5
Be7 11. Bc4 $14 {Nimzowitsch,A-Alekhine,A Hamburg 1910 (1/2-1/2, 30)}) 4. d5 $5
$146 {[%emt 0:06:29] An original way of changing the fluent course of the game
and a novelty as early as on move 4!!} Bb7 {[%emt 0:03:03]} 5. Bc4 {[%emt 0:01:
49] This is the moment when White's approach starts ressembling Korchnoi's in
the aforementioned games.} ({Played before castling,} 5. c4 {offers Black easy
development:} e6 6. dxe6 (6. Nc3 Bb4 {[%csl Gd5]}) ({Actually, just few moves
after the novelty, play could have transposed to some lines starting with 3...
e6, for instance} 6. Bd3 g6 7. Nc3 Bg7 {1/2-1/2 (7) Loncar,R (2455)-Lovric,B 
(2340) Tucepi 1996}) 6... Bb4+ $1 7. Bd2 Bxd2+ 8. Qxd2 dxe6 (8... O-O $5 9.
exd7 Ne4 10. Qc2 Nxd7 $44) 9. Qxd8+ Kxd8 10. Nc3 Nbd7 11. Be2 Ke7 {After the
exchange of the dark-squared bishops the king finds a safe place in the centre,
defending Black's only important weakness, the e6-pawn.}) 5... c6 {[%emt 0:02:
35]} 6. Nc3 {[%emt 0:02:47]} cxd5 {[%emt 0:00:20]} 7. Nxd5 {[%emt 0:01:23]} e6
{[%emt 0:00:39]} 8. Nxf6+ {[%emt 0:11:50]} Qxf6 {[%emt 0:00:41]} 9. O-O {
[%emt 0:00:34] A very unusual position. White has given away his ambitions for
a pawn centre, aiming for free piece development. The f5-pawn ensures Black
some space advantage, but in the long run may also prove a weakness.} Bc5 {
[%emt 0:08:59] The bishop has little scope and will also be exposed here.} ({
But the attempt for a more natural development to g7 after} 9... g6 {could be
met with} 10. Bd2 $5 {When Black practically has to pick up the gauntlet with}
Qxb2 11. Nd4 Qa3 {, hoping that he will survive the opening phase.}) 10. Bd2 {
[%emt 0:04:16]} Nc6 {[%emt 0:10:19] Not having weakened the long diagonal,
Black is not forced to take the pawn.} (10... Qxb2 11. Nd4 Qa3 (11... Bxd4 12.
Rb1 Qa3 13. Bb4 Qa4 14. Qxd4 $16) (11... O-O 12. a3 Bxd4 13. Ra2 $14) 12. Nb5
Qa4 13. Qh5+ g6 14. Qh4 $44) 11. Bc3 {[%emt 0:03:30]} Qe7 {[%emt 0:00:35]} 12.
a3 {[%emt 0:07:49]} a5 {[%emt 0:01:31]} 13. Qe2 {[%emt 0:09:41]} O-O {[%emt 0:
02:54]} 14. Rad1 {[%emt 0:01:59]} d5 {[%emt 0:08:16][%csl Re5] The central
structure is reminiscent (with reversed colours) of the game Svidler-Gelfand
from the previous Candidates. Svidler met the Grünfeld with an unusual setup
based on d4-e3-f4.} ({Black could not refrain from ...d7-d5 for too long:} 
14... Rac8 15. Bb5 d6 16. Qd2 {[%cal Gb2b4]}) 15. Bb5 {[%emt 0:01:30][%csl Ge5]
[%cal Gb5c6]} Na7 {[%emt 0:00:16]} 16. a4 {[%emt 0:04:00] Quite a courageous
move.} (16. Ba6 {looks somewhat safer:} Nc6 17. Bxb7 Qxb7 18. Bd4 {[%cal Ge2b5,
Gc2c4] with similar ideas to what happened in the game.}) 16... Bd6 {[%emt 0:
13:26] A bit passive.} (16... Nxb5 $5 17. axb5 Bd6 {[%cal Ge6e5] would have
allowed Black fighting for the initiative. Actually, the b7-bishop is far from
being passive. It inhibits the pawn break c2-c4 and defends the d5-pawn in
view of the desirable central expansion with ...e6-e5.} 18. Ne5 (18. Be5 Qc7
19. Bxd6 Qxd6 20. Rd2 Rac8 21. Rfd1 Rc5 {[%cal Gf8c8,Ge6e5]}) 18... Rac8 19. f4
(19. Bd4 Qc7 {[%cal Gd6e5,Gc7c2]}) 19... Rxc3 $1 {The critical move,
preventing White's consolidating with Bd4+/=.} 20. bxc3 Rc8 21. Qd3 Qc7 $44)
17. Ba6 $1 {[%emt 0:05:51]} Nc6 {[%emt 0:11:14]} 18. Bxb7 {[%emt 0:06:59]} Qxb7
{[%emt 0:00:11]} 19. b3 {[%emt 0:00:56][%cal Gc3b2,Gc2c4] The absence of the
black queen's bishop makes itself felt. White's play is more pleasant already,
since the centre is rather more vulnerable than threatening. After the
inevitable c2-c4, the black kingside will become vulnerable.} Qa6 {[%emt 0:03:
48]} 20. Qd2 {[%emt 0:06:49]} Rac8 {[%emt 0:06:45]} 21. Ng5 $6 {[%emt 0:05:34]
This knight incursion will eventually turn to White's favour, but in principle
it looks more like a waste of time.} (21. Ba1 {[%cal Gc2c4,Gd2b2] For concrete
reasons (c2-c4 and Qd2-b2) more promising than the retreat to b2)} Bb4 22. c3
Be7 23. c4 Rfd8 24. cxd5 Rxd5 25. Qb2 Bf6 26. Qb1 $14) 21... Rce8 $6 {[%emt 0:
02:11]} ({There was nothing to be defended on the f-file, so a more natural
rook display would have been} 21... Rfe8 {Maybe Black feared} 22. e4 fxe4 23.
Nxe4 {With the rook on f8, this would lose material to ...Bf4, but even the
way it is} Bf8 {[%cal Ga6b7,Gb7f7] leads to normal play for Black.}) 22. Bb2 {
[%emt 0:05:09]} h6 {[%emt 0:00:29]} 23. Nf3 {[%emt 0:01:40]} Bb4 {[%emt 0:02:
05]} 24. c3 {[%emt 0:00:50]} Be7 {[%emt 0:00:11]} 25. c4 $1 {[%emt 0:00:27]}
dxc4 {[%emt 0:00:37]} ({In the absence of a rook on c8,} 25... Rd8 $2 26. cxd5
Rxd5 $2 {loses to} 27. Qc3 {[%csl Gc6]}) 26. Rc1 {[%emt 0:00:28]} b5 {[%emt 0:
02:43]} 27. axb5 {[%emt 0:01:04]} Qxb5 {[%emt 0:00:25]} 28. Rxc4 $14 {[%emt 0:
01:05][%csl Re6,Rg6]} Nb4 {[%emt 0:02:51]} 29. Ne5 {[%emt 0:03:20] The knight
will be left rather hanging in the centre, so maybe White should have kept
this move in reserve.} (29. Qe2 $5 $14 {[%cal Ge3e4]}) (29. Bd4 $14 {[%cal
Gd2c3]}) 29... Nd5 {[%emt 0:02:10]} 30. Qc2 {[%emt 0:04:15]} Bd6 $6 {[%emt 0:
00:47]} (30... Nb4 $1 {[%csl Gc6]}) 31. Nc6 $14 {[%emt 0:01:27]} Nb6 {[%emt 0:
01:26]} 32. Rd4 $4 {[%emt 0:01:40] An unusual blunder at this level (and even
at lower one!)} (32. Nd4 Qe5 33. Nf3 Qb5 34. Rc3 a4 $14 {Black liquidates the
queenside pawns, retaining a symbolically worse, but defensible position.})
32... Bxh2+ $1 {[%emt 0:03:03]} 33. Kxh2 {[%emt 0:00:15]} Qxf1 {[%emt 0:00:02]}
34. Qc3 {[%emt 0:05:50]} Rf6 {[%emt 0:01:53]} 35. Ne5 $2 {[%emt 0:01:46]} Qxf2
{[%emt 0:02:45]} 36. Rf4 {[%emt 0:00:23]} Qe2 {[%emt 0:01:57]} 37. Qd4 {
[%emt 0:01:07]} Nd5 {[%emt 0:01:48]} 38. Rf3 {[%emt 0:00:01]} Rc8 {[%emt 0:01:
20]} 39. Rg3 {[%emt 0:02:03]} f4 {[%emt 0:00:39]} 0-1